#1 Hits der 1960er-Jahre in Österreich - Statistiken

Allgemein
  • Dieses Quiz wurde 81 mal gespielt
  • Das Durchschnittsergebnis liegt bei 11 aus 36
Antwortstatistiken
#1's Künstler % Korrekt
6 The Beatles
98%
1 The Beatles & Billy Preston
98%
1 The Rolling Stones
77%
1 Drafi Deutscher
71%
1 Frank Sinatra
62%
1 Nancy Sinatra
62%
1 Roy Black
59%
2 The Beach Boys
53%
1 The Monkees
53%
2 Adriano Celentano
52%
1 Louis Armstrong
52%
1 Bee Gees
50%
1 Creedence Clearwater Revival
39%
1 Jane Birkin & Serge Gainsbourg
30%
1 The Archies
30%
2 Manfred Mann
27%
1 Scott McKenzie
27%
1 Peter Alexander
26%
2 Chris Andrews
20%
1 Sandie Shaw
20%
1 John Fred & His Playboy Band
18%
1 Herman’s Hermits
17%
1 The Small Faces
15%
1 Cliff Richard
14%
1 Marmalade
14%
3 Freddy Quinn
12%
1 Mikis Theodorakis
9%
1 Nini Rosso
8%
1 Maurice Jarre
6%
1 Leapy Lee
5%
1 Martin Lauer
5%
1 Gigliola Cinquetti
3%
1 Bambis
2%
2 Kaplan Alfred Flury
2%
1 Shawn Elliott
2%
1 Wanda Jackson
2%
Keine übereinstimmenden Quizze gefunden
Verteilung der Resultate
Anzahl Personen mit jedem Resultat
Perzentil nach korrekt beantworteten Fragen
Ihre Resultats-Entwicklung
Sie haben dieses Quiz noch nicht gespielt